000
00331 a2200145 4500
001
166497
020
_a
040
_c
Magnum
100
_a
Moreira, Antonio Flavio Barbosa
240
1
0
_a
Curriculos e programas no brasil
_l
por
245
1
0
_a
Curriculos e programas no brasil
362
0
_a
1899
697
_a
ENSINO
942
_c
BK
999
_c
166497
_d
166497